00798nam a2200241 a 450000100100000000500170001000800410002702000150006804000250008308200210010810000270012924500940015625000110025026000350026130000410029649000300033750400380036750000420040570000460044783000370049304900090053099900170053900002497120200930023500.0110208s1976 sp ac r 000 0 spa d a8423953173 aDO-SdBNPbspacBNPHU aNNNbB292P, 19761 aMari, Pierrette94591110aBartók /cPierrette Mari ; traducción del francés por Felipe Ximénez de Sandoval. a2a ed. aMadrid :bEspasa-Calpe,c1976. a127, [1] p. :bil., retrs. ;c18 cm.1 aClásicos de la música aIncluye bibliografía (p. [128]) aIncluye notas al pie de las páginas1 aXiménez de Sandoval, Felipeetr.919335 0aClásicos de la música933880 aBNGR c24464d24464